La constitución moderna de la razón religiosa

Guardat en:
Dades bibliogràfiques
Autor principal: Torres Queiruga, Andrés (Autor)
Format: Llibre
Idioma:espanyol
Publicat: Pamplona Verbo Divino 1992
Matèries:
Etiquetes: Afegir etiqueta
Sense etiquetes, Sigues el primer a etiquetar aquest registre!

MARC

LEADER 00000nam a2200000 a 4500
001 UCS5901
003 CL-VaPUC
008 970906e19920000SP |||||||||||||||||spa|d
082 0 4 |a 201  |b TOR  |2 21 
100 0 |a Torres Queiruga, Andrés  |e author  |9 391453 
245 1 3 |a La constitución moderna de la razón religiosa 
300 |a 318 p 
942 |c BK 
945 |d 19970906 00:00:00  |a aalvarez 
260 |a Pamplona  |b Verbo Divino  |c 1992 
650 0 |a Apocalipsis (Revelación)  |9 314500 
650 0 |a Revelación   |9 313616 
583 |a last modification  |c 20130402 05:44:17  |k Rodrigo Vera 
999 |c 262029  |d 262027 
952 |0 0  |1 0  |4 0  |6 201_000000000000000_TOR_1992  |7 0  |8 A  |9 290185  |a BIBTEO  |b BIBTEO  |d 2019-11-19  |i 3342239  |o 201 TOR 1992  |p 3342239  |r 2025-01-17  |w 2019-11-19  |y BK  |k ICR